| 000 | 00610 a2200193 4500 | ||
|---|---|---|---|
| 001 | 57951 | ||
| 005 | 20260407155839.0 | ||
| 008 | 260407a1970 arg spa d | ||
| 003 | AR-UNSa-BCEJYS | ||
| 040 |
_aAR-UNSa-BCEJYS _bspa _cAR-UNSa-BCEJYS |
||
| 080 |
_a141.82 _xSocialismo científico, comunismo, marxismo, marxismo-leninismo |
||
| 245 | 1 | 0 | _aSobre el trabajo teórico: dificultades y recursos |
| 264 | 1 |
_aBarcelona : _bAnagrama _c1970 |
|
| 300 |
_a59 p. _c17 cm. |
||
| 505 | _a1. Dificultades – 2. Recursos | ||
| 942 | _cBK | ||
| 590 | _aniveau_biblio:m niveau_hierar:0 | ||
| 100 | 1 | _aAlthusser, Louis | |
| 999 |
_c6336 _d6336 |
||